| 000 | 00000nam 2200000zi 4500 |
| 001 | 9.936921 |
| 003 | CaOODSP |
| 005 | 20240417083203 |
| 006 | m o d f |
| 007 | cr mn||||||||| |
| 008 | 240617s2021 quc o f000 0 eng d |
| 040 | |aCaOODSP|beng|erda|cCaOODSP |
| 043 | |an-cn--- |
| 045 | |ay1y1 |
| 086 | 1 |aEm20-147/2021-1E-PDF |
| 245 | 00|aEvaluation of the Job Match service connecting job seekers to Canadian employers. |
| 264 | 1|a[Gatineau, Quebec] : |bEmployment and Social Development Canada = Emploi et développement social Canada, |c[2021] |
| 300 | |a1 online resource (1 page) |
| 336 | |atext|btxt|2rdacontent |
| 337 | |acomputer|bc|2rdamedia |
| 338 | |aonline resource|bcr|2rdacarrier |
| 500 | |aIssued also in French under title: Évaluation du service Jumelage-emploi mettant en relation les chercheurs d'emploi et les employeurs canadiens. |
| 610 | 10|aCanada. |bEmployment and Social Development Canada|xEvaluation. |
| 650 | 0|aJob hunting|zCanada|xInformation services|xEvaluation. |
| 655 | 7|aInfographics|2lcgft |
| 710 | 1 |aCanada. |bEmployment and Social Development Canada. |bEvaluation Directorate, |eissuing body. |
| 775 | 08|tÉvaluation du service Jumelage-emploi mettant en relation les chercheurs d'emploi et les employeurs canadiens.|w(CaOODSP)9.936922 |
| 856 | 40|qPDF|s173 KB|uhttps://publications.gc.ca/collections/collection_2024/edsc-esdc/Em20-147-2021-1-eng.pdf |
| 856 | 4 |qHTML|sN/A|uhttps://www.canada.ca/en/employment-social-development/corporate/reports/evaluations/job-match-connecting-job-seekers-employers/summary.html |